[Event "Portugalete Bizkaia-ch U16"]
[Site "Portugalete"]
[Date "2018.12.27"]
[Round "1.1"]
[White "De la Fuente Pinedo, Mikel"]
[Black "Reguillaga Elias, Manex"]
[Result "1/2-1/2"]
[WhiteElo "1700"]
[BlackElo "1958"]
[PlyCount "77"]
[EventDate "2018.12.27"]
[EventType "swiss"]
[EventRounds "5"]
[EventCountry "ESP"]
[SourceTitle "EXT 2024"]
[Source "ChessBase"]
[SourceDate "2023.10.10"]
[SourceVersion "1"]
[SourceVersionDate "2023.10.10"]
[SourceQuality "1"]

1. c4 e5 2. g3 Bc5 3. Bg2 d6 4. Nc3 Nc6 5. Nf3 Nf6 6. 0-0 0-0 7. a3 a6 8. e3 Ba7 9. h3 Be6 10. b3 h6 11. d4 exd4 12. exd4 d5 13. c5 a5 14. Bf4 Qd7 15. Kh2 b6 16. Ne5 Qe8 17. Nb5 Bb8 18. Rc1 bxc5 19. Rxc5 Nxe5 20. Bxe5 c6 21. Nc7 Bxc7 22. Bxc7 Qd7 23. Be5 Ne4 24. Rc2 Bf5 25. Rc1 Ng5 26. h4 Ne6 27. Qd2 f6 28. Bf4 Nxf4 29. Qxf4 Rab8 30. Rc3 Rb6 31. Rfc1 Rfb8 32. Qd2 Qd6 33. Bh3 Bxh3 34. Kxh3 Qxa3 35. Rxc6 Rxc6 36. Rxc6 Rxb3 37. Rc5 Rd3 38. Qe1 Rxd4 39. Qe6+ 1/2-1/2